Gentle Resistance: (Record no. 205322)

MARC details
000 -LEADER
fixed length control field 00567nam a22001697a 4500
005 - DATE AND TIME OF LATEST TRANSACTION
control field 20240827165155.0
010 ## - LCCN (DPL NO)
LC control number ENG-141481
020 ## - INTERNATIONAL STANDARD BOOK NUMBER
International Standard Book Number 9788178246680
Terms of availability 895.00
035 ## - SYSTEM CONTROL NUMBER
System control number EN-125013
037 ## - SOURCE OF ACQUISITION
Source of stock number/acquisition DBAD
082 ## - DEWEY DECIMAL CLASSIFICATION NUMBER
Classification number 921
Edition number 1
245 ## - TITLE STATEMENT
Title Gentle Resistance:
Remainder of title The Autobiography of Chandi Prasad bhatt/
Statement of responsibility, etc Edited By Samir Banerjee
260 ## - PUBLICATION, DISTRIBUTION, ETC. (IMPRINT)
Place of publication, distribution, etc Ranikhet
Name of publisher, distributor, etc Permanent Black
Date of publication, distribution, etc 2024
270 ## - ADDRESS
Address Himalayana Mall Road,Ranikhet Cantt,
City Ranikhet
Postal code 263645
Electronic mail address perblack@gmail.com
300 ## - PHYSICAL DESCRIPTION
Extent xvii,348p.:
Dimensions 22cm(hb)
Other physical details Index
942 ## - ADDED ENTRY ELEMENTS (KOHA)
Source of classification or shelving scheme Dewey Decimal Classification
Item type English Books
Classification part 921
Call number suffix GEN
Edition 1
Holdings
Withdrawn status Lost status Not for loan Collection code Home library Current library Date acquired Source of acquisition Cost, normal purchase price Full call number Barcode Copy number Cost, replacement price Koha item type
      Non-fiction Shahdara Branch Shahdara Branch 27/08/2024 Delivery of Books Act Division 895.00 921 GEN EN-125013 1 895.00 English Books

© Delhi Public Library
Hit Counter
free hit counter